| 000 | 00923cam a22002773a 4500 | ||
|---|---|---|---|
| 001 | 10430 | ||
| 003 | PGUSA | ||
| 005 | 20140828083224.0 | ||
| 008 | 031201s2003||||xxu|||||s|||||000 | eng d | ||
| 040 |
_aPGUSA _beng |
||
| 042 | _adc | ||
| 050 | 4 | _aPA | |
| 100 | 1 |
_aLucian, of Samosata, _d120-180 |
|
| 245 | 1 | 0 |
_aTrips to the Moon _h[electronic resource] / _cof Samosata Lucian |
| 260 |
_bProject Gutenberg, _c2003 |
||
| 505 | 0 | _aIntroduction by Professor Henry Morley -- Instructions for writing history --The true history -- Icaro-Menippus: a dialogue. | |
| 506 | _aPublic domain in the USA. | ||
| 516 | _aElectronic text | ||
| 653 | _aLucian, of Samosata -- Translations into English | ||
| 653 | _aVoyages, Imaginary | ||
| 700 | 1 |
_aMorley, Henry, _d1822-1894 |
|
| 700 | 1 |
_aFrancklin, Thomas, _d1721-1784 |
|
| 830 | 0 |
_aProject Gutenberg _v10430 |
|
| 856 | 4 | 0 | _uhttp://www.gutenberg.org/ebooks/10430 |
| 942 | _cEB | ||
| 999 |
_c239685 _d239685 |
||